|
|
|
|
| LEADER |
00950nam a2200229 a 4500 |
| 001 |
755730 |
| 008 |
100606s1968 nyuab b 000 0 eng d |
| 010 |
|
|
|a 67027845
|
| 040 |
|
|
|a DLC
|c DLC
|d DLC
|d DB-DhAAL
|
| 082 |
0 |
0 |
|a 330.95
|
| 100 |
1 |
|
|a Myrdal, Gunnar,
|d 1898-1987.
|
| 245 |
1 |
0 |
|a Asian drama :
|b an inquiry into the poverty of nations /
|c Gunnar Myrdal
|
| 260 |
|
|
|a New York :
|b Twentieth Century Fund,
|c 1968.
|
| 300 |
|
|
|a 3 v. (xxx, 2284 p.) :
|b illus., maps (part col.) ;
|c 25 cm.
|
| 504 |
|
|
|a Bibliographical footnotes.
|
| 541 |
1 |
|
|e 00004579
|
| 651 |
|
0 |
|a South Asia
|x Economic conditions.
|
| 651 |
|
0 |
|a Southeast Asia
|x Economic conditions.
|
| 710 |
2 |
|
|a Twentieth Century Fund.
|
| 852 |
4 |
|
|a Ayesha Abed Library
|j General Shelf.
|
| 999 |
|
|
|c 8815
|d 8815
|
| 952 |
|
|
|0 0
|1 0
|2 ddc
|4 0
|6 330_950000000000000_MYR_1986
|7 0
|9 10702
|a BRACUL
|b BRACUL
|c GEN
|d 2010-06-06
|g 0.00
|l 2
|m 14
|o 330.95 MYR
|p 3010004579
|r 2013-02-04
|s 2012-10-07
|t 1
|w 2010-06-06
|y BK
|z Not price in Register
|